| 000 | 00860cam a2200241 a 4500 | ||
|---|---|---|---|
| 999 |
_c58076 _d58076 |
||
| 001 | 15907060 | ||
| 005 | 20221107161221.0 | ||
| 008 | 090915s2010 txua b 000 0 eng | ||
| 020 | _a9781593633820 X | ||
| 041 | _aeng | ||
| 080 | _a376.2+616.896 A-84 | ||
| 100 | 1 |
_aAshcroft, Wendy, _d _911982 |
|
| 245 | 1 | 0 |
_aSuccess strategies for teaching kids with autism / _cWendy Ashcroft, Sue Argriro, and Joyce Keohane. |
| 264 |
_aWaco, Tex. : _bPrufrock Press, _c2010. |
||
| 300 |
_a242 p. : _bill. ; _c26 cm. |
||
| 653 | _aაუტიზმის მქონე ბავშვები | ||
| 653 | _aдети с аутизмом | ||
| 653 | _aმედიცინა | ||
| 653 | _aмедицина | ||
| 700 | 1 |
_aArgriro, Sue _eრედაქტორი _911983 |
|
| 700 | 1 |
_aKeohane, Joyce _d _eრედაქტორი _911984 |
|
| 942 |
_2udc _cBK |
||